000 00990nam a2200277 i 4500
003 DO-SdBNP
005 20230920140447.0
006 a||||gr|||| 00| 0
007 ta
008 230622t2021 dr ao||| |||| 00| 0 spa d
020 _a9789945808032
040 _aDO-SdBNP
_bspa
_cBNPHU
_erda
082 4 _222
_bB936T
245 1 0 _aBulle. /
_cManuel Enrique Tavares Sánchez; editor, Javier González Cozzolino
264 4 _aSanto Domingo :
_bAmigos del Hogar,
_c©2021
300 _a597 páginas :
_bIlustraciones, fotografías ;
_c24 cm.
336 _2rdaconten
_atexto
_btxt
337 _2rdamedia
_asin medición
_bn
338 _2rdacarrier
_avolumen
_bnc
500 _aIncluye datos biográficos del autor en la solapa de la cubierta.
590 _aInventariado 2023 / MF
600 4 _aFavre-Bulle, Maurice
_xBibliografía
_984226
600 4 _aTavares Sánchez, Manuel Enrique
_tBulle.
_xBiografía
_984227
700 1 _aGonzález Cozzolino, Javier,
_eeditor
_983577
942 _2ddc
_cLBS1
999 _c53905
_d53905